Biblioteka Instytutu Północnego w Olsztynie

Widok standardowy Widok MARC

Pozycja Personal Name

Liczba rekordów, w których użyto hasła: 1

001 - Numer kontrolny

  • control field: 39384

003 - Identyfikator numeru kontrolnego

  • control field: NUKAT

005 - Data i czas ostatniej modyfikacji

  • control field: 20260401003555.0

008 - Dane kontrolne kodowane (40 znaków)

  • fixed length control field: 260401n||a|znnaabn |a aaa |c

010 ## - Numer kontrolny Biblioteki Kongresu

  • numer kontrolny LC: n 2026059098

040 ## - Instytucja sporządzająca rekord

  • inst. przygot. dane do rek. khw: OLSZT 008/bak
  • język haseł przedmiotowych/tezaurus: kaba
  • inst. wprow. rek. khw: OLSZT 008/bak

043 ## - Kod obszaru geograficznego

  • ISO code: PL

046 ## - Special dates

  • Birth date: 1897
  • Death date: 1979

100 1# - Hasło - nazwa osobowa

  • nazwa osobowa w formie ujednoliconej: Rozentalski, Bolesław
  • daty biograficzne: (1897-1979).

370 ## - Associated place

  • Place of birth: Groszki (woj. warmińsko-mazurskie, pow. działdowski, gm. Rybno)

370 ## - Associated place

  • Place of death: Nowe Miasto Lubawskie (woj. warmińsko-mazurskie)

370 ## - Associated place

  • Country: Polska

374 ## - Occupation

  • Occupation: Działacze niepodległościowi

375 ## - Gender

  • Gender: 1
  • Source of term: iso5218

377 ## - Assoc lang

  • Lang code: pol

670 ## - Źródło informacji

  • źródło informacji: Przewodnik ścieżka dydaktyczno-historyczna Plebiscyt na Warmii, Mazurach i Powiślu w 1920 roku / opracowanie Hanna Krichhof, Grzegorz Wiergowski, Marek Zieliński. - Rumian, 2018.

670 ## - Źródło informacji

  • źródło informacji: Encyklopedia Powiatu Działdowskiego 01.04.2026
  • adres internetowy: https://epdz.powiatdzialdowski.pl/kalendarium/1-sierpnia-1897/

675 ## - Źródło nie podające informacji

  • wskazanie źródła: BNPol online, 01.04.2026
Biblioteka Instytutu Północnego, ul. Partyzantów 87, 10-402 Olsztyn, email: biblioteka(at)ip.olsztyn.pl